000 00589nam a2200193Ia 4500
003 GCL
008 140319s9999 xx 000 0 ara d
040 _aGCL /
_cGCL
082 0 4 _a811.9
_bا ن
100 1 _aاحمد شوقى
245 1 0 _aنصوص مختارة من شعر صدر الاسلام والدولة الاموية /
_cاحمد شوقى
260 _a[S.N] :
_bدار العلوم العربية ،
_c1988
300 _a173 ص
490 _a
650 0 4 _aالشعر العربى
650 0 4 _aالادب العربى
650 0 4 _aالمجموعات
942 _2ddc
_cBK
999 _c28698
_d28698